| 000 | 00695cab a2200229 4500 | ||
|---|---|---|---|
| 001 | ABS50472 | ||
| 008 | 090401t1994 xxu||||| |||| 00| 0 eng d | ||
| 035 | _a(Sirsi) u75974 | ||
| 041 | _aeng | ||
| 100 | _aRobertson, D | ||
| 245 | _aHouse rebuilding costs for insurance valuations | ||
| 260 | _c1994 | ||
| 350 | _a0 | ||
| 490 |
_aCSM (Chartered Surveyor Monthly) _v3(7) April 1994, 26(1) |
||
| 520 | _aExplains the background to BCIS "Guide to house rebuilding costs" now in its 16th edition. | ||
| 650 | _aBCIS | ||
| 650 | _aBUILDINGS INSURANCE | ||
| 650 | _aBUILT ENVIRONMENT-BUILDING COSTS-REINSTATEMENT COSTS | ||
| 690 |
_aINSURANCE _96249 |
||
| 942 | _n0 | ||
| 948 | _c04/03/1997 | ||
| 999 |
_c47801 _d47801 |
||